000 00755nam a2200217Ia 4500
005 20241129111105.0
008 241129s9999||||xx |||||||||||||| ||und||
020 _a978-93-91118-44-0
037 _aTB
040 _aCRL
_bhin
_cCRL
041 _ahin
_2hin
084 _aY72:1.277 152R2
_qCRL
100 _aपरमार, वीरेन्द्र, ले.
245 0 _aअसम: आदिवासी और लोक साहित्य
_cपरमार, वीरेन्द्र, ले.
260 _aनई दिल्ली, भारत
_bहंस प्रकाशन
_c2022
300 _a266पृ0
365 _aINR
_b895
650 _aSociology
942 _cTB
_hY72:1.277 152R2
999 _c1228881
_d1228881